000
00305nam a22001457a 4500
008
230123b ||||| |||| 00| 0 eng d
020
_a
9780201750805
041
_a
eng
080
_a
004
082
_a
004 KEL
100
_a
18
101
_a
SHKP
245
_a
ABAP OBJECTS
_c
KELLER H
942
_2
udc
_c
BK
999
_c
59240
_d
59240